000 00469cam a22001812 4500
001 0000000780
005 20170406112854.0
008 131119s xx 000 0 eng d
020 _c$
040 _aYour Holding Symbol
_cYour Holding Symbol
100 1 _aRaguin,S.J Yves.
245 1 0 _aCelibay for our times.
250 _a ed.
260 _aindiana :
_bAbbey,
_c1974.
300 _a 120p. ;
_c cm.
650 0 _areligion.
908 _a131119
999 _c703
_d703